Francuzsko-russkij slovaŕ : okolo 25000 slov /

Gespeichert in:
Bibliographische Detailangaben
1. Verfasser: Potockaja, Varvara Vasiľjevna (VerfasserIn)
Format: Buch
Sprache:Russisch
Französisch
Veröffentlicht: Moskva : Gosudarstvennoje izdateľstvo inostrannych i nacionaľnych slovarej, 1961
Ausgabe:9. ispravl. i dopol. izd.
Schlagworte:
Online-Zugang: Volltext
Tags: Tag hinzufügen
Keine Tags, Fügen Sie den ersten Tag hinzu!

MARC

LEADER 00000cam a2200000 4500
003 SK-BrCVT
005 20220617214533.0
008 060807s1961 rur e ||||||rus d
035 |a CVTIDW1374105 
040 |b slo  |a CVTI SR  |e AACR2 
041 0 |a rus  |a fre 
044 |a rur 
080 |a 801.323.2=40=82  |2 UDC-MRF 
100 1 |a Potockaja, Varvara Vasiľjevna  |4 aut 
245 1 0 |a Francuzsko-russkij slovaŕ :  |b okolo 25000 slov /  |c Varvara Vasiľjevna Potockaja 
250 |a 9. ispravl. i dopol. izd. 
260 |a Moskva :  |b Gosudarstvennoje izdateľstvo inostrannych i nacionaľnych slovarej,  |c 1961 
300 |a 559 s. 
655 4 |a slovníky 
910 |b A127131  |b A127542  |b A127544 
974 |f Knihy 
992 |a ASL 
999 |c 139708  |d 139708